[Event "2. Bundesliga Mitte 2011/12"]
[Site "Steyregg"]
[Date "2011.12.02"]
[Round "4"]
[Board "5"]
[White "Enoeckl, Philipp"]
[Black "Knoll, Hermann"]
[Result "1/2-1/2"]
[WhiteElo "2292"]
[BlackElo "2364"]
[PlyCount "56"]
[EventDate "2011.10.21"]
[EventType "team"]
[EventRounds "11"]
[EventCountry "AUT"]
[WhiteTeam "SV Steyregg"]
[BlackTeam "Union Ansfelden"]

1. d4 Nf6 2. Nf3 e6 3. Bg5 d6 4. e3 h6 5. Bh4 g5 6. Bg3 Nh5 7. Bd3 Bg7 8. c3
Nd7 9. Nbd2 Qe7 10. Qc2 O-O 11. O-O-O f5 12. h3 Nxg3 13. fxg3 Nf6 14. e4 fxe4
15. Nxe4 Nd5 16. Rde1 Bd7 17. Bc4 Bc6 18. Kb1 b5 19. Bb3 Rab8 20. h4 g4 21.
Neg5 hxg5 22. Nxg5 Rf6 23. Qh7+ Kf8 24. Rhf1 e5 25. dxe5 dxe5 26. Qg6 Kg8 27.
Qh7+ Kf8 28. Qg6 Kg8 1/2-1/2

[Event "2. Bundesliga Mitte 2011/12"]
[Site "Maria Saal"]
[Date "2011.12.03"]
[Round "5"]
[Board "1"]
[White "Stevic, Hrvoje"]
[Black "Kreisl, Robert"]
[Result "1/2-1/2"]
[WhiteElo "2621"]
[BlackElo "2402"]
[PlyCount "71"]
[EventDate "2011.10.21"]
[EventType "team"]
[EventRounds "11"]
[EventCountry "AUT"]
[WhiteTeam "ZH-Technologies-Wolfsberg"]
[BlackTeam "SK MPOE Maria Saal"]

1. e4 {[%emt 0:00:00]} c6 2. Nc3 d5 3. Nf3 Bg4 4. Be2 e6 5. d4 Nf6 6. e5 Nfd7
7. Ng5 Bxe2 8. Qxe2 h6 9. Qh5 g6 10. Qh3 Be7 11. Nf3 c5 12. Ne2 cxd4 13. Nexd4
Nc6 14. Nxc6 bxc6 15. O-O Qc7 16. Re1 c5 17. c4 Nb6 18. Nd2 Nxc4 19. Nxc4 dxc4
20. Qc3 Rd8 21. Qxc4 Rd5 22. Bf4 Qd7 23. Qb3 g5 24. Bg3 O-O 25. Qf3 Kg7 26. b3
Rd8 27. h3 Rd2 28. Re4 Rd1+ 29. Rxd1 Qxd1+ 30. Qxd1 Rxd1+ 31. Kh2 Bd8 32. f3
Bb6 33. Be1 Rc1 34. Re2 c4 35. bxc4 Rxc4 36. g4 1/2-1/2

[Event "2. Bundesliga Mitte 2011/12"]
[Site "Maria Saal"]
[Date "2011.12.03"]
[Round "5"]
[Board "2"]
[White "Schachinger, Mario"]
[Black "Kozul, Zdenko"]
[Result "1/2-1/2"]
[WhiteElo "2386"]
[BlackElo "2541"]
[PlyCount "178"]
[EventDate "2011.10.21"]
[EventType "team"]
[EventRounds "11"]
[EventCountry "AUT"]
[WhiteTeam "SK MPOE Maria Saal"]
[BlackTeam "ZH-Technologies-Wolfsberg"]

1. Nf3 {[%emt 0:00:00]} Nf6 {[%emt 0:00:00]} 2. c4 g6 3. g3 c6 4. d4 Bg7 5. Bg2
O-O 6. O-O d5 7. b3 Bg4 8. Nbd2 Nbd7 9. Bb2 Qb6 10. Re1 Rfe8 11. Ne5 Be6 12.
Nxd7 Nxd7 13. cxd5 cxd5 14. e3 Nf6 15. Qe2 Bg4 16. f3 Bd7 17. Rac1 a5 18. a4
Bc6 19. Rc2 Nd7 20. f4 Nb8 21. Ba3 Na6 22. Rc3 Nb4 23. Nf3 f6 24. Qd2 Rad8 25.
Rcc1 Rd7 26. Bxb4 axb4 27. Bf1 e6 28. Rc5 e5 29. Bb5 e4 30. Nh4 Bf8 31. a5 Qc7
32. Rc2 Ra8 33. a6 Bxb5 34. Rxc7 Rxc7 35. axb7 Rxb7 36. Rc1 Rba7 37. Qd1 Bd7
38. f5 g5 39. Ng2 Ra2 40. Qh5 Ra1 41. Qd1 Rxc1 42. Qxc1 Rc8 43. Qf1 Kf7 44. Qa6
Rc1+ 45. Kf2 Rc2+ 46. Kg1 Be7 47. Qb7 Bc6 48. Qc8 h6 49. Qe6+ Kf8 50. Qc8+ Kg7
51. Qe6 Bf8 52. h4 Rc1+ 53. Kh2 Rc3 54. Kg1 Bb5 55. Qxd5 Be8 56. Qxe4 Bf7 57.
Ne1 Rxb3 58. Nf3 Rc3 59. hxg5 hxg5 60. Nd2 b3 61. Qb7 Rxe3 62. d5 Rxg3+ 63. Kf2
Rd3 64. Nxb3 Rxd5 65. Qc8 Bd6 66. Nc1 Rd2+ 67. Ke1 Bb4 68. Qb7 Bc3 69. Qc7 Bb4
70. Qb7 Ba5 71. Qa6 Rd5+ 72. Ke2 Rxf5 73. Nd3 Kg6 74. Qb7 Rd5 75. Qc8 Kg7 76.
Qb7 Bc3 77. Nf2 f5 78. Nd3 Bf6 79. Qc7 Kg6 80. Qc8 Rd8 81. Ne5+ Kg7 82. Qc7 Rf8
83. Kf2 g4 84. Kg3 Bg5 85. Qd7 Kf6 86. Qd6+ Kg7 87. Qd7 Kf6 88. Qd6+ Kg7 89.
Qd7 Kf6 1/2-1/2

[Event "2. Bundesliga Mitte 2011/12"]
[Site "Maria Saal"]
[Date "2011.12.03"]
[Round "5"]
[Board "3"]
[White "Steflitsch, Erich"]
[Black "Hartl, Daniel"]
[Result "1-0"]
[WhiteElo "2369"]
[BlackElo "2272"]
[PlyCount "61"]
[EventDate "2011.10.21"]
[EventType "team"]
[EventRounds "11"]
[EventCountry "AUT"]
[WhiteTeam "ZH-Technologies-Wolfsberg"]
[BlackTeam "SK MPOE Maria Saal"]

1. d4 d5 2. c4 c6 3. Nf3 Nf6 4. Nc3 dxc4 5. e4 b5 6. e5 Nd5 7. a4 e6 8. Ng5 Qd7
9. Be2 Bb7 10. Bh5 g6 11. Nge4 Be7 12. Bf3 h6 13. O-O Kf8 14. Re1 a5 15. g3 b4
16. Nb1 Na6 17. Nbd2 Nb6 18. Nd6 Bxd6 19. exd6 Qxd6 20. Ne4 Qd8 21. Bf4 Nd5 22.
Qc1 Kg7 23. Nd6 Nxf4 24. Qxf4 Qc7 25. Qe5+ Kh7 26. Nxc4 Qxe5 27. Rxe5 Rac8 28.
Nd6 Rc7 29. Rxa5 Nb8 30. Ra7 Rd8 31. Rxb7 1-0

[Event "2. Bundesliga Mitte 2011/12"]
[Site "Maria Saal"]
[Date "2011.12.03"]
[Round "5"]
[Board "4"]
[White "Halvax, Georg"]
[Black "Reichmann, Egon"]
[Result "1-0"]
[WhiteElo "2326"]
[BlackElo "2279"]
[PlyCount "103"]
[EventDate "2011.10.21"]
[EventType "team"]
[EventRounds "11"]
[EventCountry "AUT"]
[WhiteTeam "SK MPOE Maria Saal"]
[BlackTeam "ZH-Technologies-Wolfsberg"]

1. e4 e5 2. Nf3 Nc6 3. Bb5 a6 4. Ba4 Nf6 5. O-O b5 6. Bb3 Be7 7. Re1 d6 8. c3
O-O 9. h3 Nb8 10. d4 Nbd7 11. Nbd2 Bb7 12. Bc2 Re8 13. Nf1 Bf8 14. Ng3 g6 15.
a4 c5 16. d5 c4 17. Bg5 Bg7 18. Qd2 Nc5 19. Nh2 Qc7 20. Kh1 h5 21. Nf3 Nh7 22.
Be3 Reb8 23. Reb1 Bc8 24. a5 Bd7 25. Qe2 Rb7 26. Nd2 Rab8 27. Rc1 Nf6 28. f4
exf4 29. Bxf4 Re8 30. Qf3 Bc8 31. Rf1 Rf8 32. Ne2 Nfd7 33. Nd4 Ne5 34. Qg3 Re8
35. Nc6 Nxc6 36. Bxd6 h4 37. Qf4 g5 38. Qh2 Qd7 39. Bxc5 Ne5 40. Bd4 g4 41.
hxg4 Qxg4 42. Nf3 Ng6 43. Bxg7 Kxg7 44. e5 Nf4 45. Nd4 Nh5 46. Kg1 Ng3 47. Rfe1
Qf4 48. Nf3 Rh8 49. Rad1 Rh5 50. Rd4 Qh6 51. Rxh4 Rxh4 52. Qxh4 1-0

[Event "2. Bundesliga Mitte 2011/12"]
[Site "Maria Saal"]
[Date "2011.12.03"]
[Round "5"]
[Board "6"]
[White "Ertl, Johann"]
[Black "Toefferl, Heimo"]
[Result "1-0"]
[WhiteElo "2274"]
[BlackElo "2102"]
[PlyCount "107"]
[EventDate "2011.10.21"]
[EventType "team"]
[EventRounds "11"]
[EventCountry "AUT"]
[WhiteTeam "SK MPOE Maria Saal"]
[BlackTeam "ZH-Technologies-Wolfsberg"]

1. e4 {[%emt 0:00:00]} e6 2. d4 d5 3. Nd2 c5 4. Ngf3 cxd4 5. exd5 Qxd5 6. Bc4
Qd6 7. O-O Nf6 8. Nb3 Nc6 9. Re1 a6 10. Bg5 b5 11. Bf1 Bb7 12. Nbxd4 Nxd4 13.
Nxd4 Be7 14. c3 O-O 15. Qe2 Rfe8 16. Bh4 Rad8 17. Red1 Qd5 18. Bg3 Qg5 19. Nf3
Qh5 20. Ne5 Qf5 21. a4 b4 22. cxb4 Bxb4 23. Qc4 Rxd1 24. Rxd1 a5 25. Qc7 Bd5
26. Qxf7+ Kh8 27. Bd3 Qh5 28. Qxh5 Nxh5 29. Bb5 Rc8 30. Bc4 Nf6 31. b3 Kg8 32.
Kf1 Rd8 33. Bxd5 Rxd5 34. Rxd5 Nxd5 35. Ke2 g5 36. Nc6 Kf7 37. Nxb4 Nxb4 38.
Bc7 Nc6 39. Kd3 Ke7 40. Kc4 Kd7 41. Bb6 e5 42. Kd5 h5 43. h3 g4 44. hxg4 hxg4
45. g3 Nb4+ 46. Kxe5 Kc6 47. Bxa5 Nd3+ 48. Kd4 Nxf2 49. b4 Nd1 50. b5+ Kb7 51.
Bd8 Kc8 52. Bf6 Kb7 53. a5 Ka7 54. Kd3 1-0

[Event "2. Bundesliga Mitte 2011/12"]
[Site "Maria Saal"]
[Date "2011.12.03"]
[Round "5"]
[Board "1"]
[White "Neubauer, Martin"]
[Black "Pilaj, Herwig"]
[Result "0-1"]
[WhiteElo "2431"]
[BlackElo "2362"]
[PlyCount "132"]
[EventDate "2011.10.21"]
[EventType "team"]
[EventRounds "11"]
[EventCountry "AUT"]
[WhiteTeam "SV ASVOE Fundermax St. Veit/Glan"]
[BlackTeam "SC Die Klagenfurter"]

1. Nf3 {[%emt 0:00:00]} c5 2. c4 g6 3. d4 cxd4 4. Nxd4 Nc6 5. e4 Bg7 6. Be3 Nf6
7. Nc3 d6 8. Be2 O-O 9. O-O Nxd4 10. Bxd4 Bd7 11. Rc1 Bc6 12. f3 a5 13. b3 Nd7
14. Be3 Nc5 15. Qd2 Qb6 16. Nd5 Bxd5 17. cxd5 Rfc8 18. Rc4 Qd8 19. Rfc1 b5 20.
Rxc5 dxc5 21. Bxb5 a4 22. Bxa4 c4 23. Bc6 c3 24. Qc2 Rab8 25. a3 Qd6 26. b4
Rxc6 27. dxc6 Qxc6 28. Rd1 Qc4 29. Bc5 e6 30. a4 h5 31. Rd3 h4 32. a5 Be5 33.
Rd7 Rxb4 34. Bxb4 Bd4+ 35. Rxd4 Qxd4+ 36. Kf1 Qxb4 37. Ke2 Qb5+ 38. Ke3 Qxa5
39. Kd3 Qa1 40. h3 Qe1 41. Qxc3 Qf1+ 42. Kd4 Qxg2 43. Ke5 Qg5+ 44. Kd6 Qd8+ 45.
Ke5 Kg7 46. Kf4+ Kh6 47. Ke3 Qg5+ 48. Kf2 e5 49. Qc8 Kg7 50. Qd7 Qg3+ 51. Ke2
Qg2+ 52. Ke3 Qf1 53. Qg4 Qe1+ 54. Kd3 Qg3 55. Kc4 Qxg4 56. fxg4 f5 57. gxf5
gxf5 58. Kd3 Kf6 59. Ke3 fxe4 60. Kxe4 Ke6 61. Ke3 Kf5 62. Kf3 e4+ 63. Ke3 Ke5
64. Ke2 Kf4 65. Kf2 e3+ 66. Ke1 Kg3 0-1

[Event "2. Bundesliga Mitte 2011/12"]
[Site "Maria Saal"]
[Date "2011.12.03"]
[Round "5"]
[Board "2"]
[White "Wertjanz, David"]
[Black "Hoelzl, Franz"]
[Result "1/2-1/2"]
[WhiteElo "2257"]
[BlackElo "2336"]
[PlyCount "61"]
[EventDate "2011.10.21"]
[EventType "team"]
[EventRounds "11"]
[EventCountry "AUT"]
[WhiteTeam "SC Die Klagenfurter"]
[BlackTeam "SV ASVOE Fundermax St. Veit/Glan"]

1. e4 {[%emt 0:00:00]} c5 {[%emt 0:00:00]} 2. Nf3 Nc6 3. d4 cxd4 4. Nxd4 Nf6 5.
Nc3 d6 6. Bc4 Qb6 7. Nxc6 bxc6 8. O-O e6 9. b3 Be7 10. Bb2 O-O 11. Qe2 e5 12.
Kh1 Qc7 13. Rad1 Nd7 14. Na4 Nb6 15. Nxb6 axb6 16. a4 Be6 17. Bxe6 fxe6 18. f4
exf4 19. Qg4 Bf6 20. Qxe6+ Qf7 21. Qxf7+ Rxf7 22. Ba3 b5 23. Bxd6 bxa4 24. bxa4
Rxa4 25. e5 Bg5 26. e6 Rfa7 27. Bxf4 Bf6 28. Be5 Re4 29. Ra1 Rxa1 30. Rxa1 h5
31. Bxf6 1/2-1/2

[Event "2. Bundesliga Mitte 2011/12"]
[Site "Maria Saal"]
[Date "2011.12.03"]
[Round "5"]
[Board "3"]
[White "Mazi, Leon"]
[Black "Genser, Harald"]
[Result "1/2-1/2"]
[WhiteElo "2352"]
[BlackElo "2291"]
[PlyCount "61"]
[EventDate "2011.10.21"]
[EventType "team"]
[EventRounds "11"]
[EventCountry "AUT"]
[WhiteTeam "SV ASVOE Fundermax St. Veit/Glan"]
[BlackTeam "SC Die Klagenfurter"]

1. e4 {[%emt 0:00:00]} c6 2. d3 d5 3. Nd2 e5 4. Ngf3 Bd6 5. g3 Nf6 6. Bg2 O-O
7. O-O Re8 8. c3 Nbd7 9. Qc2 Qc7 10. Re1 a5 11. a4 b6 12. Nh4 dxe4 13. dxe4 g6
14. Bf1 Nc5 15. Ng2 Nh5 16. Ne3 Be6 17. Bc4 Ng7 18. Bxe6 Ngxe6 19. Nf3 Be7 20.
Nc4 f6 21. Be3 b5 22. Bxc5 Bxc5 23. axb5 cxb5 24. Ne3 Bxe3 25. Rxe3 a4 26. Ne1
Red8 27. Qe2 Qc4 28. Nd3 Rd6 29. Nb4 Qxe2 30. Rxe2 Nc7 31. Kg2 1/2-1/2

[Event "2. Bundesliga Mitte 2011/12"]
[Site "Maria Saal"]
[Date "2011.12.03"]
[Round "5"]
[Board "4"]
[White "Petschar, Kurt"]
[Black "Kaspret, Guido"]
[Result "1-0"]
[WhiteElo "2312"]
[BlackElo "2292"]
[PlyCount "67"]
[EventDate "2011.10.21"]
[EventType "team"]
[EventRounds "11"]
[EventCountry "AUT"]
[WhiteTeam "SC Die Klagenfurter"]
[BlackTeam "SV ASVOE Fundermax St. Veit/Glan"]

1. e4 {[%emt 0:00:00]} c6 2. c4 d5 3. exd5 cxd5 4. cxd5 Nf6 5. Nc3 Nxd5 6. Nf3
Nc6 7. Bc4 Nb6 8. Bb3 e6 9. d4 Be7 10. O-O O-O 11. Bf4 Nd5 12. Bg3 b6 13. Nxd5
exd5 14. Rc1 Bb7 15. Re1 Rc8 16. Re3 Bf6 17. h3 Na5 18. Rec3 Nc4 19. Bxc4 dxc4
20. Rxc4 Rxc4 21. Rxc4 Bd5 22. Rc7 Qa8 23. b3 a5 24. Be5 Bd8 25. Rc3 Be7 26.
Qe2 Bb4 27. Re3 f6 28. Bf4 Qc6 29. h4 Rd8 30. h5 h6 31. Nh4 Bf7 32. Nf5 Qc1+
33. Kh2 Bd2 34. Qg4 1-0

[Event "2. Bundesliga Mitte 2011/12"]
[Site "Maria Saal"]
[Date "2011.12.03"]
[Round "5"]
[Board "6"]
[White "Singer, Hans"]
[Black "Salihovic, Amar"]
[Result "1/2-1/2"]
[WhiteElo "2260"]
[BlackElo "2195"]
[PlyCount "91"]
[EventDate "2011.10.21"]
[EventType "team"]
[EventRounds "11"]
[EventCountry "AUT"]
[WhiteTeam "SC Die Klagenfurter"]
[BlackTeam "SV ASVOE Fundermax St. Veit/Glan"]

1. Nf3 {[%emt 0:00:00]} Nf6 2. c4 g6 3. Nc3 c5 4. g3 b6 5. Bg2 Bg7 6. O-O Bb7
7. Re1 Nc6 8. e4 Ng4 9. d3 d6 10. h3 Nge5 11. Be3 Qd7 12. Nh2 Nb4 13. Bf1 O-O
14. a3 Na6 15. f4 Nc6 16. Nf3 Nc7 17. Rb1 Ne6 18. Bf2 Ned4 19. Bg2 Rab8 20.
Nxd4 Bxd4 21. Bxd4 Nxd4 22. Ne2 e5 23. Nxd4 cxd4 24. Qd2 f6 25. Rf1 Rbe8 26.
Rbe1 b5 27. fxe5 dxe5 28. c5 Bc6 29. b4 h6 30. Qxh6 Qg7 31. Qd2 Rf7 32. Rf2 Kh7
33. Ref1 Ref8 34. Kh2 Qh6 35. Qxh6+ Kxh6 36. Bf3 a5 37. Bd1 a4 38. Bf3 f5 39.
exf5 Bxf3 40. Rxf3 gxf5 41. h4 Kg6 42. Kg2 Rf6 43. Re1 Re8 44. Ref1 Ree6 45.
Re1 Re8 46. Ref1 1/2-1/2

[Event "2. Bundesliga Mitte 2011/12"]
[Site "Graz"]
[Date "2011.12.03"]
[Round "5"]
[Board "1"]
[White "Rabiega, Robert"]
[Black "Kovacs, Gabor"]
[Result "1/2-1/2"]
[WhiteElo "2501"]
[BlackElo "2498"]
[PlyCount "80"]
[EventDate "2011.10.21"]
[EventType "team"]
[EventRounds "11"]
[EventCountry "AUT"]
[WhiteTeam "Strassenbahn Graz"]
[BlackTeam "Union Styria Graz Kleine Zeitung"]

1. e4 e5 2. Bc4 Nf6 3. d3 Nc6 4. Nf3 Bc5 5. O-O d6 6. c3 a6 7. Bb3 Ba7 8. Re1
h6 9. Nbd2 O-O 10. Nf1 Re8 11. Ng3 Be6 12. h3 Bxb3 13. axb3 Nd7 14. Nh2 Re6 15.
Ng4 Nf6 16. Nf5 Ne7 17. Qf3 Nxg4 18. hxg4 Rg6 19. g3 Kf8 20. Kg2 Ng8 21. Rh1
Qd7 22. Bd2 Qe6 23. b4 Bb6 24. c4 Bd4 25. Rab1 Rd8 26. g5 hxg5 27. Rh8 f6 28.
Qh5 Qe8 29. Rh1 Bxb2 30. Qh7 Kf7 31. Rh6 Nxh6 32. Rxe8 Rxe8 33. Nxg7 Rxg7 34.
Qxh6 Bd4 35. Kf3 g4+ 36. Ke2 Reg8 37. Be3 Bc3 38. Bd2 Bd4 39. Be3 Bc3 40. Bd2
Bd4 1/2-1/2

[Event "2. Bundesliga Mitte 2011/12"]
[Site "Graz"]
[Date "2011.12.03"]
[Round "5"]
[Board "3"]
[White "Pesorda, Ivan"]
[Black "Danner, Georg"]
[Result "1/2-1/2"]
[WhiteElo "2278"]
[BlackElo "2408"]
[PlyCount "58"]
[EventDate "2011.10.21"]
[EventType "team"]
[EventRounds "11"]
[EventCountry "AUT"]
[WhiteTeam "Strassenbahn Graz"]
[BlackTeam "Union Styria Graz Kleine Zeitung"]

1. d4 Nf6 2. c4 e6 3. Nc3 Bb4 4. Qc2 Nc6 5. Nf3 d6 6. Bg5 h6 7. Bd2 O-O 8. a3
Bxc3 9. Bxc3 Qe7 10. b4 e5 11. dxe5 dxe5 12. e3 e4 13. b5 exf3 14. bxc6 Ne4 15.
gxf3 Nxc3 16. Qxc3 bxc6 17. f4 Rb8 18. Bg2 c5 19. O-O Bb7 20. Bd5 Rfd8 21. Rad1
Bxd5 22. Rxd5 Rxd5 23. cxd5 Qe4 24. Qe5 Qf3 25. f5 Rd8 26. e4 Qg4+ 27. Kh1 Qf3+
28. Kg1 Qg4+ 29. Kh1 Qf3+ 1/2-1/2

[Event "2. Bundesliga Mitte 2011/12"]
[Site "Graz"]
[Date "2011.12.03"]
[Round "5"]
[Board "5"]
[White "Schink, Barbara"]
[Black "Manhardt, Thomas"]
[Result "1/2-1/2"]
[WhiteElo "2069"]
[BlackElo "2148"]
[PlyCount "126"]
[EventDate "2011.10.21"]
[EventType "team"]
[EventRounds "11"]
[EventCountry "AUT"]
[WhiteTeam "Strassenbahn Graz"]
[BlackTeam "Union Styria Graz Kleine Zeitung"]

1. e4 e5 2. Nf3 Nc6 3. Bb5 a6 4. Ba4 Nf6 5. O-O Nxe4 6. d4 b5 7. Bb3 d5 8. dxe5
Be6 9. Nbd2 Nc5 10. c3 d4 11. Bxe6 Nxe6 12. cxd4 Ncxd4 13. a4 Be7 14. Nxd4 Nxd4
15. Qg4 Ne6 16. axb5 axb5 17. Rxa8 Qxa8 18. f4 Qd5 19. Kh1 h5 20. Qe2 Nd4 21.
Qd3 c6 22. Ne4 h4 23. Rd1 Nf5 24. Qxd5 cxd5 25. Rxd5 O-O 26. g4 hxg3 27. Nxg3
Nh4 28. Bd2 Ra8 29. Kg1 Ra2 30. Bc3 b4 31. Bd4 Nf3+ 32. Kf1 Nxd4 33. Rxd4 Rxb2
34. Nf5 Bc5 35. Rc4 Bb6 36. Ne7+ Kh7 37. f5 Rxh2 38. Rxb4 Bc5 39. Rb7 Rh5 40.
Kg2 Bxe7 41. Rxe7 Rxf5 42. Kg3 Kg6 43. Kg4 Rf1 44. Rb7 Rg1+ 45. Kf4 Kh5 46. Rb8
g5+ 47. Kf3 Rf1+ 48. Kg3 Re1 49. Rb5 Re3+ 50. Kf2 Re4 51. Kf3 Rf4+ 52. Kg3 Rf5
53. Rb7 Rxe5 54. Rxf7 Re3+ 55. Kg2 Kg4 56. Ra7 Re2+ 57. Kg1 Kg3 58. Ra3+ Kh4
59. Ra4+ g4 60. Ra1 Kh3 61. Ra3+ g3 62. Ra1 Rf2 63. Rb1 Rg2+ 1/2-1/2

[Event "2. Bundesliga Mitte 2011/12"]
[Site "Graz"]
[Date "2011.12.03"]
[Round "5"]
[Board "6"]
[White "Stagl, Marco"]
[Black "Detter, Peter"]
[Result "1/2-1/2"]
[WhiteElo "2124"]
[BlackElo "2100"]
[PlyCount "148"]
[EventDate "2011.10.21"]
[EventType "team"]
[EventRounds "11"]
[EventCountry "AUT"]
[WhiteTeam "Union Styria Graz Kleine Zeitung"]
[BlackTeam "Strassenbahn Graz"]

1. d4 d5 2. Nf3 Bf5 3. c4 e6 4. Nc3 c6 5. Bf4 Bd6 6. Bxd6 Qxd6 7. Qb3 Qe7 8. g3
Nf6 9. Bg2 h6 10. Nd2 O-O 11. O-O Rd8 12. Rad1 Na6 13. e4 dxe4 14. Ndxe4 Nxe4
15. Nxe4 Rd7 16. Qe3 Rad8 17. Nc3 Qf6 18. d5 exd5 19. cxd5 c5 20. Rd2 b6 21.
Qf4 Qg5 22. Qxg5 hxg5 23. a3 Nc7 24. Rfd1 Ne8 25. b4 cxb4 26. axb4 Nd6 27. Bf1
Ne4 28. Nxe4 Bxe4 29. Bg2 Bxg2 30. Kxg2 a5 31. bxa5 bxa5 32. Kf3 f5 33. g4 g6
34. gxf5 gxf5 35. d6 Kf7 36. Rd5 Ke6 37. Rxa5 Rxd6 38. Re1+ Kf7 39. Rxf5+ Kg6
40. Ra5 Rf6+ 41. Kg3 Rd2 42. Ree5 Rfxf2 43. Rxg5+ Kf6 44. h3 Rg2+ 45. Kh4 Rxg5
46. Rxg5 Rd4+ 47. Kh5 Rd7 48. Rg6+ Kf7 49. h4 Rd8 50. Ra6 Rh8+ 51. Kg5 Rg8+ 52.
Kh6 Rh8+ 53. Kg5 Rg8+ 54. Kf5 Kg7 55. Kg4 Rb8 56. Ra5 Kh6 57. Ra4 Rg8+ 58. Kh3
Kh5 59. Ra5+ Kh6 60. Rb5 Rg7 61. Rb8 Rg1 62. Rh8+ Kg7 63. Rc8 Kh6 64. Rh8+ Kg7
65. Rh5 Kg6 66. Rc5 Rh1+ 67. Kg3 Rg1+ 68. Kh2 Ra1 69. Rc3 Kh5 70. Kh3 Rh1+ 71.
Kg3 Rg1+ 72. Kh3 Rh1+ 73. Kg3 Rg1+ 74. Kh3 Rh1+ 1/2-1/2

[Event "2. Bundesliga Mitte 2011/12"]
[Site "Graz"]
[Date "2011.12.03"]
[Round "5"]
[Board "1"]
[White "Sakelsek, Tadej"]
[Black "Poetz, Florian"]
[Result "1-0"]
[WhiteElo "2407"]
[BlackElo "2412"]
[PlyCount "97"]
[EventDate "2011.10.21"]
[EventType "team"]
[EventRounds "11"]
[EventCountry "AUT"]
[WhiteTeam "ESV Austria Graz"]
[BlackTeam "SK Sparkasse Fuerstenfeld"]

1. d4 Nf6 2. c4 e6 3. Nc3 Bb4 4. Qc2 c5 5. dxc5 O-O 6. a3 Bxc5 7. Nf3 Be7 8. e4
d6 9. Be2 b6 10. O-O Bb7 11. Rd1 Nbd7 12. Bf4 Qb8 13. Rac1 a6 14. b4 Rc8 15.
Qd3 e5 16. Be3 a5 17. Nd2 axb4 18. axb4 d5 19. Nxd5 Bxd5 20. cxd5 Bxb4 21. Qb1
Bc5 22. Bxc5 bxc5 23. Bb5 Qc7 24. Qc2 Rab8 25. Rb1 Rb7 26. Bc6 Rb4 27. Rdc1
Rcb8 28. Bxd7 Nxd7 29. Rxb4 Rxb4 30. h3 Qb7 31. Nc4 Qa6 32. Kh2 h6 33. Qc3 Qf6
34. Qg3 Ra4 35. f3 h5 36. h4 Kh7 37. Ne3 Ra3 38. Nc4 Ra4 39. Kh3 Ra2 40. Rb1
Rc2 41. Ne3 Re2 42. Rb7 Nf8 43. Nf5 Ng6 44. Kh2 Nf4 45. Rb6 Qg6 46. Rxg6 fxg6
47. Nd6 Rc2 48. Nf7 c4 49. Nxe5 1-0

[Event "2. Bundesliga Mitte 2011/12"]
[Site "Graz"]
[Date "2011.12.03"]
[Round "5"]
[Board "2"]
[White "Kuba, Guenter"]
[Black "Freitag, Manfred"]
[Result "1-0"]
[WhiteElo "2384"]
[BlackElo "2380"]
[PlyCount "65"]
[EventDate "2011.10.21"]
[EventType "team"]
[EventRounds "11"]
[EventCountry "AUT"]
[WhiteTeam "SK Sparkasse Fuerstenfeld"]
[BlackTeam "ESV Austria Graz"]

1. e4 e6 2. Nf3 d5 3. Nc3 Nf6 4. e5 Nfd7 5. d4 c5 6. dxc5 Bxc5 7. Bd3 Nc6 8.
Bf4 a6 9. a3 Qc7 10. Qe2 Nd4 11. Nxd4 Bxd4 12. O-O g5 13. Bxg5 Qxe5 14. Qd2 Rg8
15. Bf4 Qg7 16. g3 Nb6 17. Ne2 Bf6 18. Qb4 Nd7 19. Rfe1 Qg4 20. Nc3 Be7 21. Qa4
Kd8 22. Nxd5 exd5 23. Qa5+ b6 24. Qxd5 Qxf4 25. Rxe7 Kxe7 26. Re1+ Kd8 27. Qxa8
Qd6 28. Bxh7 Kc7 29. Bxg8 Nf6 30. Qf3 Bb7 31. Qc3+ Bc6 32. Bxf7 Kb7 33. Qb4 1-0

[Event "2. Bundesliga Mitte 2011/12"]
[Site "Graz"]
[Date "2011.12.03"]
[Round "5"]
[Board "3"]
[White "Karner, Christoph"]
[Black "Postl, Anton"]
[Result "1/2-1/2"]
[WhiteElo "2381"]
[BlackElo "2270"]
[PlyCount "115"]
[EventDate "2011.10.21"]
[EventType "team"]
[EventRounds "11"]
[EventCountry "AUT"]
[WhiteTeam "ESV Austria Graz"]
[BlackTeam "SK Sparkasse Fuerstenfeld"]

1. d4 Nf6 2. c4 e6 3. Nc3 Bb4 4. a3 Bxc3+ 5. bxc3 O-O 6. f3 d5 7. e3 c5 8. cxd5
exd5 9. Bd3 Re8 10. Ne2 b6 11. O-O Ba6 12. Bxa6 Nxa6 13. Ng3 Qd7 14. Qd3 Nc7
15. a4 Rac8 16. Bd2 Ne6 17. Rfc1 g6 18. Qb5 Qc6 19. Rab1 h5 20. a5 Qxb5 21.
Rxb5 Nc7 22. Rb2 b5 23. Ne2 a6 24. Nf4 Ne6 25. Nd3 Nd7 26. Kf2 f5 27. Rg1 Kf7
28. Ra2 c4 29. Nb4 Nc7 30. Re1 Re6 31. Bc1 Rce8 32. Rae2 Nb8 33. e4 Nc6 34.
Nxc6 Rxc6 35. exf5 Rxe2+ 36. Rxe2 gxf5 37. Bf4 Ne6 38. Be5 Rc8 39. Bd6 Rd8 40.
Ba3 Rd7 41. Re5 Kf6 42. h4 Nf4 43. Kf1 Nd3 44. Re8 Rc7 45. Ke2 Rc6 46. Rf8+ Kg6
47. Rd8 Nf4+ 48. Kd2 Re6 49. g3 Re2+ 50. Kd1 Ra2 51. Bb4 Nd3 52. Rxd5 Rb2 53.
Rd6+ Kf7 54. Rxa6 Nf2+ 55. Kc1 Nd3+ 56. Kd1 Nf2+ 57. Kc1 Nd3+ 58. Kd1 1/2-1/2

[Event "2. Bundesliga Mitte 2011/12"]
[Site "Graz"]
[Date "2011.12.03"]
[Round "5"]
[Board "4"]
[White "Radnetter, Georg"]
[Black "Aschenbrenner, Robert"]
[Result "1/2-1/2"]
[WhiteElo "2269"]
[BlackElo "2270"]
[PlyCount "137"]
[EventDate "2011.10.21"]
[EventType "team"]
[EventRounds "11"]
[EventCountry "AUT"]
[WhiteTeam "SK Sparkasse Fuerstenfeld"]
[BlackTeam "ESV Austria Graz"]

1. Nf3 Nf6 2. c4 e6 3. g3 b6 4. Bg2 Bb7 5. d4 Bb4+ 6. Bd2 Qe7 7. O-O Bxd2 8.
Qxd2 O-O 9. Nc3 d6 10. Rfe1 Ne4 11. Qd3 Nxc3 12. Ng5 Qxg5 13. Bxb7 Nd7 14. Bxa8
Nxe2+ 15. Rxe2 Rxa8 16. Qf3 Qd8 17. Rc1 Nf6 18. Qc6 Rb8 19. Qa4 a5 20. b4 Ra8
21. b5 g6 22. Qb3 Rb8 23. a4 Nd7 24. Rd1 Qf6 25. f4 Kg7 26. Kg2 h5 27. Qf3 Rh8
28. h3 Qd8 29. Rde1 Qa8 30. Qc6 Nf6 31. Qxa8 Rxa8 32. Rc2 Rd8 33. Kf3 Nd7 34.
Rd1 Re8 35. Re2 Rc8 36. Rc2 Kf6 37. Rdc1 Ke7 38. g4 hxg4+ 39. hxg4 Rh8 40. Kg3
Nf6 41. Re1 d5 42. cxd5 Nxd5 43. f5 gxf5 44. gxf5 Rg8+ 45. Kf3 Rg5 46. fxe6
fxe6 47. Re5 Rg6 48. Rxd5 exd5 49. Rxc7+ Kd8 50. Rf7 Rg1 51. Rb7 Ra1 52. Rxb6
Rxa4 53. Rd6+ Kc7 54. Rxd5 Rb4 55. Ke4 a4 56. Kd3 a3 57. Rc5+ Kb6 58. Rc1 Kxb5
59. Rc8 Ra4 60. Rb8+ Kc6 61. Rc8+ Kd6 62. Rc1 Kd5 63. Rc5+ Kd6 64. Rc1 a2 65.
Ra1 Kd5 66. Kc3 Ra7 67. Kb3 Kxd4 68. Rxa2 Rxa2 69. Kxa2 1/2-1/2

[Event "2. Bundesliga Mitte 2011/12"]
[Site "Graz"]
[Date "2011.12.03"]
[Round "5"]
[Board "5"]
[White "Fahrner, Kurt"]
[Black "Hatzl, Stefan"]
[Result "0-1"]
[WhiteElo "2319"]
[BlackElo "2162"]
[PlyCount "64"]
[EventDate "2011.10.21"]
[EventType "team"]
[EventRounds "11"]
[EventCountry "AUT"]
[WhiteTeam "ESV Austria Graz"]
[BlackTeam "SK Sparkasse Fuerstenfeld"]

1. d4 Nf6 2. c4 g6 3. Nc3 Bg7 4. Nf3 O-O 5. Bg5 d6 6. e3 c6 7. Be2 a6 8. b4 c5
9. bxc5 dxc5 10. O-O h6 11. Bf4 Nbd7 12. h3 Re8 13. Rc1 b6 14. Nd5 Nxd5 15.
cxd5 Bb7 16. Qb3 Rc8 17. Rfd1 b5 18. a4 cxd4 19. Rxc8 Qxc8 20. axb5 Qa8 21. Bc4
Nc5 22. Qb4 axb5 23. Bxb5 Rc8 24. exd4 Ne4 25. Bd7 Rc2 26. Qxe7 Bxd5 27. Rb1
Qa2 28. Rb8+ Kh7 29. Qe8 Nf6 30. Qd8 Rxf2 31. Be5 Rxg2+ 32. Kh1 Rh2+ 0-1